International Journal of Medical Science and Applied Biosciences (Record no. 44263)

MARC details
000 -LEADER
fixed length control field 00537nam a2200169Ia 4500
022 ## - INTERNATIONAL STANDARD SERIAL NUMBER
ISSN 2277-0054
050 ## - CALL MARK
Classification number R690 .C37/
245 #0 - TITLE STATEMENT
Title International Journal of Medical Science and Applied Biosciences
250 ## - EDITION / VOLUME STATEMENT
Edition / Volume statement Vol. 16, No. 2
260 ## - PUBLICATION, DISTRIBUTION, ETC. (IMPRINT)
Place of publication Port harcourt, Nigeria
260 ## - PUBLICATION, DISTRIBUTION, ETC. (IMPRINT)
Name of publisher Centre for advanced research & development.
260 ## - PUBLICATION, DISTRIBUTION, ETC. (IMPRINT)
Year of publication 2024
300 ## - PHYSICAL DESCRIPTION
Number of Pages vii, 67 p. ill: ; 29 cm.
650 ## - SUBJECT ADDED ENTRY--TOPICAL TERM
Topical Term Medicine--Vocational guidance--Juvenile literature. Medicine--Vocational guidance.
942 ## - ADDED ENTRY ELEMENTS (KOHA)
Koha item type Serials
Source of classification Library of Congress Classification

No items available.